000 00616nam a2200193Ia 4500
003 OSt
005 20200518100239.0
008 190216s9999||||xx |||||||||||||| ||und||
020 _a9788174352934
040 _coclc
082 _a909.09767
_bABA/R
100 _aAbadi, Maulana Saeed Akbar
_92375
245 4 _aThe Rise And Fall Of Muslim /
_cMaulana Saeed Akbar Abadi
250 _a1st Ed.
260 _bAdam Publishers&Distributors,
_c2002.
_aNew Delhi:
300 _a295p
650 0 _aHistory & geography
_92271
_vIslamic History
942 _cBK
_2ddc
_h909.09767
_iABA/R
_k909.09767
_mABA/R
999 _c22563
_d22563